Implementácia benchmarkingu v krajinách únie
Efektívny spôsob hľadania rezerv malých a stredných podnikov pri snahe o maximalizáciu ich výkonnosti a konkurencieschopnosti. Kontinuálne a diskontinuálne zlepšovanie. Metodika benchmarking a jej priebeh. Benchmarking v zámorí štandardnou metódou.
Guardado en:
| Autor principal: | |
|---|---|
| Formato: | Capítulo de libro |
| Lenguaje: | eslovaco |
| Materias: | |
| Etiquetas: |
Sin Etiquetas, Sea el primero en etiquetar este registro!
|
MARC
| LEADER | 00000naa a2200000 4500 | ||
|---|---|---|---|
| 001 | r042011 | ||
| 005 | 20230801100040.0 | ||
| 041 | 0 | |a slo | |
| 044 | |a SK | ||
| 245 | 1 | 0 | |a Implementácia benchmarkingu v krajinách únie |c Viliam Daniš |
| 520 | |a Efektívny spôsob hľadania rezerv malých a stredných podnikov pri snahe o maximalizáciu ich výkonnosti a konkurencieschopnosti. Kontinuálne a diskontinuálne zlepšovanie. Metodika benchmarking a jej priebeh. Benchmarking v zámorí štandardnou metódou. | ||
| 610 | 2 | 0 | |a benchmarking |
| 610 | 2 | 0 | |a podnik malý |
| 610 | 2 | 0 | |a podnik stredný |
| 610 | 2 | 0 | |a konkurencieschopnosť |
| 610 | 2 | 0 | |a Európska únia |
| 100 | 1 | |a Daniš, Viliam | |